|
|
|
แสดงรายละเอียดบรรณานุกรม |
|
|
Brief Record
: Get Marc (ISO 2709)
: E-mail record
: |
|
|
| LEADER 00000nam 2200000uu 4500 | |||
| 001 13399136400 | |||
| 003 ULIB | |||
| 008 190922s2561||||th 000 0 tha d | |||
| 020 ^a9786161823689 | |||
| 050 4 ^aBQ4570.S3^bส323ช 2561 | |||
| 100 0 ^aสรกานต์ ศรีตองอ่อน | |||
| 245 10 ^aชีวิตซ้อนมิติ /^cสรกานต์ ศรีตองอ่อน เขียน | |||
| 250 ^aพิมพ์ครั้งแรก | |||
| 260 ^aกรุงเทพมหานคร :^bอมรินทร์ธรรมะ,^c2561 | |||
| 300 ^a177 หน้า :^bภาพประกอบ | |||
| 505 0 ^tบทที่ 1 มิติซ้อนมิติ --^tบทที่ 2 ทิพยจักษุ --^tบทที่ 3 ยักษ์ --^tบทที่ 4 คนธรรพ์ --^tบทที่ 5 กุมภัณฑ์ --^tบทที่ 6 นาค --^tบทที่ 7 ครุฑ --^tบทที่ 8 วิทยาธร --^tบทที่ 9 ชาวลับแล --^tบทที่ 10 พระบังบด | |||
| 650 7 ^aพุทธศาสนากับวิทยาศาสตร์ | |||
| 650 7 ^aธรรมะ | |||
| 650 7 ^aศาสนากับวิทยาศาสตร์ | |||
| 650 7 ^aจิตวิญญาณ | |||
| 999 ^aสุณิสา สำเร็จดี | |||
| คุณยังไม่ได้ล็อกอิน คุณสามารถมีกิจกรรมร่วมกับเว็บไซต์ได้ แต่ต้องล็อกอินก่อน :: |
|
| สถานะ | |||||||||
| 1. | หนังสือทั่วไป | BQ4570.S3 ส323ช 2561 ฉ.1 Barcode: 10049382 | ►หนังสือทั่วไป | บนชั้น | |||||
| Note:ซื้อ 1/2562 ศูนย์หนังสือจุฬา | |||||||||
| 2. | หนังสือทั่วไป | BQ4570.S3 ส323ช 2561 ฉ.2 Barcode: 10049383 | ►หนังสือทั่วไป | บนชั้น | |||||
| Note:ซื้อ 1/2562 ศูนย์หนังสือจุฬา | |||||||||
| [แสดง 2/2 รายการ] | |||||||||
| รายการใกล้เคียง หัวเรื่อง [พุทธศาสนากับวิทยาศาสตร์] หัวเรื่อง [ธรรมะ] หัวเรื่อง [ศาสนากับวิทยาศาสตร์] หัวเรื่อง [จิตวิญญาณ]
|
BibComment |
| คอมเมนท์ทรัพยากรรายการนี้ |
|
|